000 00675nam a2200193Ia 4500
008 151121s9999||||xx |||||||||||||| ||und||
082 _a813-/डांगे
082 _bHNW-54016
100 _aडांगे अनिल
245 _aएरिअल आणि पोरकं पाखरु
260 _b"मौज प्रकाशन ग्रह, मुंबई।"
260 _c--
300 _a160
600 _aडांगे अनिल
630 _aएरिअल आणि पोरकं पाखरु
700 _aडांगे अनिल
730 _aएरिअल आणि पोरकं पाखरु
942 _cBOOK
999 _c1237404
_d1237401